| 000 | 00807nam a2200301Ia 4500 | ||
|---|---|---|---|
| 008 | 171025s9999 xx 000 0 und d | ||
| 020 | _a9780814414941 | ||
| 050 | _a428.2 | ||
| 050 | _bL366 2010 | ||
| 100 | _aLauchman, Richard | ||
| 245 | _aPunctuation at work : | ||
| 245 | _bsimple principles for achieving clarity and good style / | ||
| 245 | _cby Richard Lauchman. | ||
| 260 | _aUSA : | ||
| 260 | _bAMACOM, | ||
| 260 | _c2010 | ||
| 300 | _a202 pages : | ||
| 300 | _billustrations ; | ||
| 300 | _c23cm. | ||
| 500 | _aIncludes index. | ||
| 650 | _aEnglish language -- | ||
| 650 | _aLanguage arts and disciplines -- | ||
| 650 | _aLanguage arts and disciplines -- | ||
| 650 | _xGrammar and punctuation. | ||
| 650 | _xLinguistics. | ||
| 650 | _xPunctuation. | ||
| 700 | _aTitle. | ||
| 999 |
_c344477 _d344477 |
||